000 00453 a2200145 4500
005 20250529084807.0
020 _a0-03-026887-7
082 _a332.6 HIR
100 _aHIRSCHEY, M.
245 _aInvestments: Theory and Applications
260 _aNew York,
_bHarcourt College Publishers
_c2001.
300 _axviii, 860p.: ill.; figure, table.
_bIndex.
_c27cm.
856 _yAccess online book
_fInvestments
_dhttp://www.harcourtcollege.com
942 _2ddc
_cBKS
999 _c2813
_d2813